00329nam a2200145Ia 45000030006000000080041000060400015000471000010000622450026000722500007000982600041001053000006001465460014001520050017001660STCL150530s9999 xx 000 0 und d aSTCLcSTCL aAnand aGovardhante Yaatrakal a10 bD.C. Books; Kottayamc2004aKottayam a0 aMalayalam20220125171620.0